Adaptacion del modelo de cuidado transicional a pacientes diagnosticados con transtornos mental y del comportamiento secundario al abuso de sustancias psicoactivas en una clinica de salud mental cartagena 2019. / (Registro nro. 4025)
[ vista simple ]
| 000 -LEADER | |
|---|---|
| fixed length control field | 02440nam a2200313 4500 |
| 001 - CONTROL NUMBER | |
| control field | 0000100123 |
| 005 - DATE AND TIME OF LATEST TRANSACTION | |
| control field | 20250329165434.0 |
| 008 - FIXED-LENGTH DATA ELEMENTS--GENERAL INFORMATION | |
| fixed length control field | 190730s2019 000 0 eng d |
| 040 ## - CATALOGING SOURCE | |
| Original cataloging agency | CO-CtgCURN |
| Language of cataloging | spa |
| Transcribing agency | coctgcurn |
| 041 0# - LANGUAGE CODE | |
| Language code of text/sound track or separate title | spa |
| 082 0# - DEWEY DECIMAL CLASSIFICATION NUMBER | |
| Classification number | ENF 2019 |
| Item number | C113 |
| 100 1# - MAIN ENTRY--PERSONAL NAME | |
| Personal name | Cabas Ortiz, Aurora. |
| 245 10 - TITLE STATEMENT | |
| Title | Adaptacion del modelo de cuidado transicional a pacientes diagnosticados con transtornos mental y del comportamiento secundario al abuso de sustancias psicoactivas en una clinica de salud mental cartagena 2019. / |
| Statement of responsibility, etc. | Aurora Cabas Ortiz ; Albert Hoyos Ceballos ; Pedro Macea Villadiego ; Ricardo Lopez Ortiz ; Asesor: Sandra Lorena Vallejo Arias. |
| 260 ## - PUBLICATION, DISTRIBUTION, ETC. | |
| Place of publication, distribution, etc. | Cartagena de Indias : |
| Name of publisher, distributor, etc. | Corporación Universitaria Rafael Núñez, |
| Date of publication, distribution, etc. | 2019. |
| 300 ## - PHYSICAL DESCRIPTION | |
| Extent | 163 Hojas. |
| 336 ## - CONTENT TYPE | |
| Source | rdacontent |
| Content type term | text |
| Content type code | txt |
| 337 ## - MEDIA TYPE | |
| Source | rdacarrier |
| Media type term | sin mediacion |
| Media type code | n |
| 338 ## - CARRIER TYPE | |
| Source | rdacarrier |
| Carrier type term | volumen |
| Carrier type code | nc |
| 502 ## - DISSERTATION NOTE | |
| Dissertation note | Trabajo de grado (Enfermeria). Corporacion Universitaria Rafael Nuñez. Facultad de Ciencias de la salud. Enfermeria, 2019. |
| 520 ## - SUMMARY, ETC. | |
| Summary, etc. | El cuidado transicional constituye un elemento critico dentro de la atencion medica tradicional, los servicios enfocados a la comunidad y los servicios no tradicionales de salud, que el equipo de atencion medica proporciona a pacientes y cuidadores con el fin de promover resultados de salud positivos durante periodos de enfermedades agudas, que se extienden del hospital al lugar de residencia habitual. A traves del modelo de cuidado transicional se hace hincapie en la identificacion de los objetivos de salud de los pacientes, conjuntamente con el diseño y la implementación de un plan de atencion racionalizado, y la continuidad de la atencion en los entornos y entre los proveedores, durante los episodios de enfermedades agudas por lo que se quiso implementar este cuidado a pacientes diagnosticados con trastornos por abuso de sustancia psicoactivas (SPA. |
| 650 #0 - SUBJECT ADDED ENTRY--TOPICAL TERM | |
| Topical term or geographic name entry element | Enfermeria |
| Form subdivision | Tesis y disertaciones academicas. |
| 700 1# - ADDED ENTRY--PERSONAL NAME | |
| Personal name | Hoyos Ceballos, Albert L. |
| 700 1# - ADDED ENTRY--PERSONAL NAME | |
| Personal name | Lopez Ortiz, Ricardo. |
| 700 1# - ADDED ENTRY--PERSONAL NAME | |
| Personal name | Macea Villadiego, Pedro. |
| 700 1# - ADDED ENTRY--PERSONAL NAME | |
| Personal name | Vallejo Arias, Sandra Lorena, |
| Relator term | Asesor. |
| 856 ## - ELECTRONIC LOCATION AND ACCESS | |
| Uniform Resource Identifier | <a href="https://unicurn.sharepoint.com/:b:/s/biblioteca/EQf6R0VNsX9CqanyN2fWLqIBslKFQu0p0bIfhhj2-w1Mqg?e=Q5PRft">https://unicurn.sharepoint.com/:b:/s/biblioteca/EQf6R0VNsX9CqanyN2fWLqIBslKFQu0p0bIfhhj2-w1Mqg?e=Q5PRft</a> |
| Public note | Click aqui para ver el recurso en texto completo |
| 942 ## - ADDED ENTRY ELEMENTS (KOHA) | |
| Koha item type | Trabajos de grado |
| Classification part | ENF 2019 |
| Item part | C113 |
| Withdrawn status | Lost status | Damaged status | Not for loan | Collection | Home library | Current library | Shelving location | Date acquired | Cost, normal purchase price | Inventory number | Total checkouts | Full call number | Barcode | Date last seen | Price effective from | Koha item type |
|---|---|---|---|---|---|---|---|---|---|---|---|---|---|---|---|---|
| Trabajos de grado | Miguel Henríquez Emiliani | Miguel Henríquez Emiliani | Trabajo de grado | 03/29/2025 | 35000.00 | 022801 | ENF 2019 C113 | 022801 | 03/29/2025 | 03/29/2025 | Trabajos de grado |